00406nam a22000977a 4500008004100000050002800041100002300069245014600092260005600238300001400294210223b xxu||||| |||| 00| 0 eng d aGMHR0214b.M88 2019 c.1 aMuthembwa, Mwikali aEffect of managers' emotional intelligence on performance of small and micro-enterprises in Nakuru East sub-county, Kenya cMwikali Muthembwa aKabarak, Nakuru, Kenya bKabarak University c2019  a76 leaves